000 00632nam a2200169 a 4500
001 000044673
005 20201002045538.0
008 141216s2011 dr a 000 0 spa d
020 _a9789945877281
040 _aDO-SdBNP
_bspa
_cBNPHU
082 _axxxxxxxx
_bxxxxxxxx
110 1 _aRepública Dominicana :
_bPoder Judicial
_915992
245 1 0 _a"Conoce, valora y respeta los símbolos, héroes y heroínas de la patria" /
_cproducción Carmen Rosa Hernández ; coordinadora Flabis Sánchez, Santa Ortiz.
260 _aSanto Domingo :
_bPoder judicial,
_c2011.
300 _a39 p. :
_bil. ;
_c22 cm.
504 _aBibliografías : p. 35
999 _c44162
_d44162